Australian States and Territories with a bad map - Statistics

General Stats
  • This quiz has been taken 40 times
  • The average score is 8 of 8
Answers on the Map
Answers color-coded by a green-red scale on the quiz's map according to % correct below.
 
Answer Stats
State or Territory % Correct
Queensland
100%
Tasmania
100%
Northern Territory
96%
Western Australia
96%
New South Wales
93%
South Australia
93%
Victoria
93%
Australian Capital Territory
82%
No matching quizzes found
Score Distribution
Percent of People with Each Score
Percentile by Number Answered
Your Score History
You have not taken this quiz